000 00486nam a2200181Ia 4500
005 20250326142725.0
008 250326s9999 xx 000 0 und d
037 _aTextbook
040 _aFMSL
_beng
_cFMSL
041 _aeng
_2eng
084 _aX8(A).2 M2
_qFMSL
100 _aKumar N
245 0 _aCommunication in Indian industry
_cKumar N
260 _aNew Delhi
_bNew Delhi, Milind
_c1982
300 _a182p
942 _cTB
_hX8(A).2 M2
999 _c1296365
_d1296365